Protection Integree en Riziculture Aulac Alaotra Rapport d'Activite

Guardat en:
Dades bibliogràfiques
Autor principal: Delucchi, V
Format: Llibre
Idioma:Undetermined
Publicat: Zurich Ambohihitsilaozana 1986
Matèries:
Etiquetes: Afegir etiqueta
Sense etiquetes, Sigues el primer a etiquetar aquest registre!
Thư viện lưu trữ: Trung tâm Học liệu Trường Đại học Cần Thơ
LEADER 00548nam a2200193Ia 4500
001 CTU_138256
008 210402s9999 xx 000 0 und d
082 |a 633.18 
082 |b D331/Vol.1 
100 |a Delucchi, V 
245 0 |a Protection Integree en Riziculture Aulac Alaotra Rapport d'Activite 
245 0 |c V Delucchi 
260 |a Zurich 
260 |b Ambohihitsilaozana 
260 |c 1986 
650 |a Rice,Lúa 
650 |x Planting,Trồng trọt 
904 |i Tuyến 
980 |a Trung tâm Học liệu Trường Đại học Cần Thơ